000 00585cam a2200145 4500500
005 20260111092413.0
041 _afre
042 _adc
100 1 0 _aGaveau, Fabien
_eauthor
245 0 0 _aBernard Debarbieux et Gilles Rudaz, Les faiseurs de montagne. Imaginaires politiques et territorialités (xviiie-xxie siècle). Paris, CNRS Éditions, 2010, 373 p.
260 _c2011.
500 _a45
786 0 _nÉtudes rurales | 187 | 1 | 2011-01-01 | p. 219c-228c | 0014-2182
856 4 1 _uhttps://shs.cairn.info/revue-etudes-rurales-2011-1-page-219c?lang=fr&redirect-ssocas=7080
999 _c1623505
_d1623505